000 00615nam a2200217Ia 4500
003 GCL
005 20240530104355.0
008 140319s9999 xx 000 0 ara d
040 _aGCL /
_cGCL
082 0 4 _a530.11
_bر ا
100 1 _aرسل ، برتراند
245 1 0 _aالف باء النسبية /
_cفؤاد كامل
300 _a149 ص
490 _aالالف كتاب
_v0
650 0 4 _aالنسبية
650 0 4 _aنظرية الكم
650 0 4 _aقانون انيشتين
700 1 _aفؤاد كامل
_eمترجم
700 1 _aمحمد مرسى احمد
_eمراجع
942 _2ddc
_cBK
999 _c46986
_d46986